000 00322nam a2200109Ia 4500
008 200302s9999 xx 000 0 und d
100 _aKlaus M. Bayer & OTHers ed.,
245 _aHand Book Moderne Burogestaltung The Manuel of modern Office Design
260 _bBuro International Ltd.,
260 _c1998
300 _a119 P.,
999 _c1666
_d1666